| 000 | 00579nam a2200181Ia 4500 | ||
|---|---|---|---|
| 008 | 220214s9999 xx 000 0 und d | ||
| 100 | _aDas Ranjit Kumar | ||
| 245 | 0 | _aStudy of methyl-methacrylate-viscose fiber graft copolymerization and the effect of grafting on thermal properties | |
| 260 |
_bJournal of Applied Polymer Science _c1999 |
||
| 300 | _a135-140 | ||
| 650 | _aGraft copolymerization | ||
| 650 | _aLimited aqueous medium | ||
| 650 | _aRedox initiator | ||
| 650 | _aThermogravimetry | ||
| 650 | _aViscose fiber | ||
| 700 | _aBanerjee Amarnath | ||
| 942 | _cRE | ||
| 999 |
_c45541 _d45541 |
||